<?xml version="1.0" encoding="UTF-8"?>
<record
    xmlns:xsi="http://www.w3.org/2001/XMLSchema-instance"
    xsi:schemaLocation="http://www.loc.gov/MARC21/slim http://www.loc.gov/standards/marcxml/schema/MARC21slim.xsd"
    xmlns="http://www.loc.gov/MARC21/slim">

  <leader>00320nam a22001457a 4500</leader>
  <controlfield tag="003">SGT</controlfield>
  <datafield tag="082" ind1=" " ind2=" ">
    <subfield code="a">616.5</subfield>
    <subfield code="b">C16H</subfield>
  </datafield>
  <datafield tag="100" ind1=" " ind2=" ">
    <subfield code="a">SOOD,RAMNIK</subfield>
  </datafield>
  <datafield tag="245" ind1=" " ind2=" ">
    <subfield code="a">TEXT BOOK OF MEDICAL LABORATORY TECHNOLOGY</subfield>
  </datafield>
  <datafield tag="250" ind1=" " ind2=" ">
    <subfield code="a">1ST</subfield>
  </datafield>
  <datafield tag="260" ind1=" " ind2=" ">
    <subfield code="a">INDIA</subfield>
    <subfield code="b">JAYPEE PUB</subfield>
    <subfield code="c">2006</subfield>
  </datafield>
  <datafield tag="300" ind1=" " ind2=" ">
    <subfield code="a">1281</subfield>
  </datafield>
  <datafield tag="650" ind1=" " ind2=" ">
    <subfield code="a">HOMOEOPATHIC</subfield>
  </datafield>
  <datafield tag="942" ind1=" " ind2=" ">
    <subfield code="2">ddc</subfield>
    <subfield code="c">BK</subfield>
  </datafield>
  <datafield tag="952" ind1=" " ind2=" ">
    <subfield code="0">0</subfield>
    <subfield code="1">0</subfield>
    <subfield code="2">ddc</subfield>
    <subfield code="4">0</subfield>
    <subfield code="7">0</subfield>
    <subfield code="a">FH</subfield>
    <subfield code="b">FH</subfield>
    <subfield code="c">TXT</subfield>
    <subfield code="d">2019-07-29</subfield>
    <subfield code="e">ABC, PUB</subfield>
    <subfield code="g">1425.00</subfield>
    <subfield code="i">SGTU</subfield>
    <subfield code="l">0</subfield>
    <subfield code="o">616.5 C16H</subfield>
    <subfield code="p">FH803</subfield>
    <subfield code="r">2019-07-29 00:00:00</subfield>
    <subfield code="w">2016-08-09</subfield>
    <subfield code="y">BK</subfield>
    <subfield code="k">7136</subfield>
  </datafield>
  <datafield tag="952" ind1=" " ind2=" ">
    <subfield code="0">0</subfield>
    <subfield code="1">0</subfield>
    <subfield code="2">ddc</subfield>
    <subfield code="4">0</subfield>
    <subfield code="7">0</subfield>
    <subfield code="a">FH</subfield>
    <subfield code="b">FH</subfield>
    <subfield code="c">TXT</subfield>
    <subfield code="d">2019-07-29</subfield>
    <subfield code="e">ABC, PUB</subfield>
    <subfield code="g">1425.00</subfield>
    <subfield code="i">SGTU</subfield>
    <subfield code="l">0</subfield>
    <subfield code="o">616.5 C16H</subfield>
    <subfield code="p">FH804</subfield>
    <subfield code="r">2019-07-29 00:00:00</subfield>
    <subfield code="w">2016-08-09</subfield>
    <subfield code="y">BK</subfield>
    <subfield code="k">7136</subfield>
  </datafield>
  <datafield tag="952" ind1=" " ind2=" ">
    <subfield code="0">0</subfield>
    <subfield code="1">0</subfield>
    <subfield code="2">ddc</subfield>
    <subfield code="4">0</subfield>
    <subfield code="7">0</subfield>
    <subfield code="a">FH</subfield>
    <subfield code="b">FH</subfield>
    <subfield code="c">TXT</subfield>
    <subfield code="d">2019-07-29</subfield>
    <subfield code="e">ABC, PUB</subfield>
    <subfield code="g">1425.00</subfield>
    <subfield code="i">SGTU</subfield>
    <subfield code="l">0</subfield>
    <subfield code="o">616.5 C16H</subfield>
    <subfield code="p">FH805</subfield>
    <subfield code="r">2019-07-29 00:00:00</subfield>
    <subfield code="w">2016-08-09</subfield>
    <subfield code="y">BK</subfield>
    <subfield code="k">7136</subfield>
  </datafield>
  <datafield tag="999" ind1=" " ind2=" ">
    <subfield code="c">18610</subfield>
    <subfield code="d">18610</subfield>
  </datafield>
</record>
